Kremlinology revisited: the nuances of reporting on China in the Eastern bloc press
| Titel: | Kremlinology revisited: the nuances of reporting on China in the Eastern bloc press / Sören Urbansky & Max Trecker |
|---|---|
| Verfasser: | ; |
| In: |
Cold war history, Band 18, Heft 3 (2018), Seite 307-324 alle Artikel anzeigen |
| Veröffentlicht: | 2018 |
| Format: | Aufsatz |
| Sprache: | Englisch |
X
alg: 50647245 001A $03025:30-03-23 001B $03025:31-03-23 $t16:41:08.000 001D $03025:30-03-23 001U $0utf8 001X $00 002@ $0Oou 002C $aText $btxt $2rdacontent 002D $aComputermedien $bc $2rdamedia 002E $aOnline-Ressource $bcr $2rdacarrier 003@ $0506472450 007A $0506472450 $aHEB 009Q $uhttps://doi.org/10.1080/14682745.2018.1458093 $xH 010@ $aeng 010E $erda 011@ $a2018 021A $aKremlinology revisited: the nuances of reporting on China in the Eastern bloc press $hSören Urbansky & Max Trecker 028A $BVerfasser $4aut $7136076564 $8Urbansky, Sören$Z1980- [Tp3] $9203181859 028C $BVerfasser $4aut $8Trecker, Max$Z1989- [Tp3] $9462267431 031A $d18 $e3 $h307-324 $j2018 039B $aEnthalten in $8--Obvc--. Cold war history. - London : Cass, 2000-. - Online-Ressource. - ISSN 1743-7962 $x201800000180003693 $9104512997 044K $#Sowjetunion $#UdSSR $#Советский Союз $#UdSSR $#SSSR $#Republik-Republik Kesatuan Soviet Sosialis $#Sojuz Sovetskich Socialističeskich Respublik $#Union der Sozialistischen Sowjet-Republiken $#Union der SSR $#Union of Soviet Socialist Republics $#USSR $#Union des Républiques Socialistes Soviétiques $#URSS $#Russland 1923-1991 $#Russia 1923-1991 $#Padomju Sociālistiko Republiku Savienība $#PSRS $#SSṘM $#ZSSR $#TSRS $#Savez Sovjetskih Socijalističkih Republika $#Soviet Union $#SSHM $#Sojuz Radjans'kich Sozialističnich Respublik $#SRSR $#Şyra Sosjalist Cumhyrijjẹtlẹri Ittifakĭ $#Šura Socialist Gümhurietleri Ittipaky $#Šura Sosyalist Ǧümhuriyetleri Ittifaqï $#SSCB $#Союз Советских Социалистических Республик $#СССР $74077548-3 $8Sowjetunion [Tgz] $9085219754 044K $RRelation $#Wechselbeziehung $#Beziehungen $74145198-3 $8Beziehung [Ts1] $9085577189 044K $RTaiwan $#中国 $#中國 $#Rotchina $#Zhongguo Diguo $#Zhongguo-Diguo $#Kaiserreich Zhongguo $#Zhongguo Volksrepublik $#Chung-kuo Renmin-Gongheguo $#Zhonghua-minguo 1911-1949 $#Chung-hua-min-kuo 1911-1949 $#China Renmin-Gongheguo $#Zhonghua-Renmin-Gongheguo $#Kaiserreich China $#China Diguo $#PRC $#Zhongguo Renmin-Gongheguo $#Shinkoku $#Chung-hua-jen-min-kung-ho-kuo $#Zhonghua Renmin-Gongheguo $#Zhongguo $#China Volksrepublik $#Volksrepublik China $#Zhongguo $#VR China $#China People's Republic $#People's Republic of China $#Zhong guo $#PRC People's Republic of China $#Zhonghua renmin gongheguo $#République populaire de Chine $#Chung-kuo kuo min cheng fu $#China Republic : 1912-1949 $#Chine $#KNR Kytajsʹkaja Narodnaja Respublika $#Zhongguo renmin gongheguo $#Chinese People's Republic $#Kytajsʹkaja Narodnaja Respublika $#Chinese People’s Republic $#Republic of China 1912-1949 $#Chung-hua min kuo 1912-1949 $#Chung-kuo $#中华人民共和国 $74009937-4 $8China [Tg1] $908501933X 044K $RSozialistische Staaten $ROsteuropa $#Warschauer Pakt $#Warschauer Pakt- Staaten $#Sowjetblock $#Ostblockstaaten $74075730-4 $8Ostblock [Tg1] $908521437X 044K $RWeltpolitik $RAußenpolitik $RInternationales politisches System $#International relations $#Relations internationales $#Relazioni internazionali $#Relaciones internacionales $#Internationale Politik $#internationale Politik $#bilaterale Beziehungen $#internationale Beziehungen $#Internationale Beziehungen $#Politische Beziehungen Internationale Politik $#Zwischenstaatliche Beziehungen $74072885-7 $8Internationale Politik [Tsz] $9085205222 044K $RMassenmedien $RPublizistik $#Press $#Presse $#Stampa $#Prensa $#presses $#Presseverlag $#Presse $#Pressewesen $74047150-0 $8Presse [Ts1] $9085131547 044K $RRegionale Geografie $RKulturraumforschung $#Sowjetunionforschung $74428184-5 $8Sowjetologie [Ts1] $908869903X 044K $RBeeinflussung $RIndoktrination $#Propaganda $#Propagande $#Propaganda $#Propaganda $#Propaganda $#Politische Propaganda $74076374-2 $8Propaganda [Ts1] $9085216534 045F $a070.9 $eDDC23BSB 045F/01 $a070.9 045F/03 $f09045 045F/03 $f09046 045F/03 $g437 045F/03 $g51 045F/03 $g4708 045G $a909 $eDDC23BSB 045G/01 $a909 045G/03 $f09045 045G/03 $f09046 045G/03 $g437 045G/03 $g51 045G/03 $g4708 045R $aGeschichte 1956-1969 lok: 50647245 78 exp: 50647245 78 1 #EPN 201B/01 $030-03-23 $t14:36:55.000 201C/01 $030-03-23 201U/01 $0utf8 203@/01 $0123028706X 208@/01 $a30-03-23 $be 209A/01 $a/ $f000 $x00 209A/01 $ab*p $x01 209A/01 $aBetr. neben der DDR auch Polen und Ungarn $x03 220C/01 $apgar 244Z/01 $#Generalgouvernement Polen $#Polska $#Rzeczpospolita Polska $#Polska Rzeczpospolita Ludowa $#Poland $#Pologne $#République Polonaise $#Generalne Gubernatorstwo w Polsce $#Polish People's Republic $#Polska Rzeczpospolita Polen $#PRL $#RP $#Polen Generalgouvernement $#Polska Generalgouvernement $#Besetzte Polnische Gebiete $#Besetztes Gebiet in Polen $#Okupowane Polskie Obszary $#Obszary Okupowane w Polsce $#Volksrepublik Polen $#Polska Rosyjska $#Republic Polen $#Respublika Pol'ša $#Pol'skaja Narodnaja Respublika $#République de Pologne $#Polen Links der Weichsel $#Polska po Lewej Stronie Wisły $#Lenkija $#Polija $#Gubernija Carstva Pol'skago $#Republik Polen $74046496-9 $8--Tg1--Polen $x01 $9085129801 244Z/01 $#Ungarn $#Ungarn $#Ungarische Räterepublik $#Königreich Ungarn $#Die @Länder der ungarischen Krone $#Transleithanien $#Magyarország $#Magyar Köztársaság $#Magyar Tanácsköztársaság $#Government of the Hungarian Republic $#Zemalja Ugarske Krune $#VNR $#Ungern $#Ungarische Republik $#Republik Ungarn $#Ungarische Volksrepublik $#Volksrepublik Ungarn $#Magyar Népköztársaság $#Hungary $#Hungarian Republic $#Hongrie $#Vengerskaja Narodnaja Respublika $#Hungarian People's Republic $#HPR Hungarian People's Republic $#République Populaire Hongroise $#Ungarische VR $#Republic of Hungary $#Vengrija $74078541-5 $8--Tgz--Ungarn $x08 $9085222712 247C/01 $82080>Marburg/Lahn, Herder-Institut, Forschungsbibliothek, Bibliographieportal $9336309341
| LEADER | 00000caa a2200000 c 4500 | ||
|---|---|---|---|
| 001 | 506472450 | ||
| 003 | DE-603 | ||
| 005 | 20230331164108.0 | ||
| 007 | cr|||||||||||| | ||
| 008 | 230330s2018 xx |||| o| u00||u|eng c | ||
| 035 | |a (DE-599)HEB506472450 | ||
| 040 | |a DE-603 |b ger |c DE-603 |d DE-603 |e rda | ||
| 041 | |a eng | ||
| 082 | 0 | 4 | |8 1\u |a 070.9 |q DE-101 |2 23/BSB |
| 083 | 0 | |8 2\u |a 909 |q DE-101 |2 23/BSB | |
| 085 | |8 1\u |b 070.9 | ||
| 085 | |8 1\u |z 1 |s 09045 | ||
| 085 | |8 1\u |z 1 |s 09046 | ||
| 085 | |8 1\u |z 2 |s 437 | ||
| 085 | |8 1\u |z 2 |s 51 | ||
| 085 | |8 1\u |z 2 |s 4708 | ||
| 085 | |8 2\u |b 909 | ||
| 085 | |8 2\u |z 1 |s 09045 | ||
| 085 | |8 2\u |z 1 |s 09046 | ||
| 085 | |8 2\u |z 2 |s 437 | ||
| 085 | |8 2\u |z 2 |s 51 | ||
| 085 | |8 2\u |z 2 |s 4708 | ||
| 100 | 1 | |a Urbansky, Sören |d 1980- |e Verfasser |4 aut |0 (DE-603)203181859 |0 (DE-588)136076564 |2 gnd | |
| 245 | 0 | 0 | |a Kremlinology revisited: the nuances of reporting on China in the Eastern bloc press |c Sören Urbansky & Max Trecker |
| 264 | 0 | |c 2018 | |
| 336 | |a Text |b txt |2 rdacontent | ||
| 337 | |a Computermedien |b c |2 rdamedia | ||
| 338 | |a Online-Ressource |b cr |2 rdacarrier | ||
| 648 | 7 | |a Geschichte 1956-1969 |2 gnd | |
| 650 | 7 | |a Beziehung |0 (DE-588)4145198-3 |0 (DE-603)085577189 |2 gnd | |
| 650 | 7 | |a Internationale Politik |0 (DE-588)4072885-7 |0 (DE-603)085205222 |2 gnd | |
| 650 | 7 | |a Presse |0 (DE-588)4047150-0 |0 (DE-603)085131547 |2 gnd | |
| 650 | 7 | |a Sowjetologie |0 (DE-588)4428184-5 |0 (DE-603)08869903X |2 gnd | |
| 650 | 7 | |a Propaganda |0 (DE-588)4076374-2 |0 (DE-603)085216534 |2 gnd | |
| 651 | 7 | |a Sowjetunion |0 (DE-588)4077548-3 |0 (DE-603)085219754 |2 gnd | |
| 651 | 7 | |a China |0 (DE-588)4009937-4 |0 (DE-603)08501933X |2 gnd | |
| 651 | 7 | |a Ostblock |0 (DE-588)4075730-4 |0 (DE-603)08521437X |2 gnd | |
| 700 | 1 | |a Trecker, Max |d 1989- |e Verfasser |4 aut |0 (DE-603)462267431 |0 (DE-588)1207568570 |2 gnd | |
| 773 | 0 | 8 | |i Enthalten in |t Cold war history |d London : Cass, 2000- |h Online-Ressource |x 1743-7962 |g Band 18, Heft 3 (2018), Seite 307-324 |w (DE-603)104512997 |w (DE-600)2077986-0 |
| 856 | |u https://doi.org/10.1080/14682745.2018.1458093 |x Verlag | ||
| 924 | 1 | |9 2080 |a (DE-603)123028706X |b DE-2080 |c HES |d d |g / | |


